LEADER 01764nam 2200409 n 450 001 996391439003316 005 20200824121744.0 035 $a(CKB)4940000000105505 035 $a(EEBO)2240889846 035 $a(UnM)99855309e 035 $a(UnM)99855309 035 $a(EXLCZ)994940000000105505 100 $a19920825d1613 uy | 101 0 $aeng 135 $aurbn||||a|bb| 200 14$aThe last terrible tempestious windes and weather$b[electronic resource] $eTruely relating many lamentable ship-wracks, with drowning of many people, on the coasts of England, Scotland, France and Ireland: with the Iles of Wight, Garsey & Iarsey. Shewing also, many great mis-fortunes, that haue lately hapned on land, by reason of the windes and rayne, in diuers places of this kingdome 210 $aImprinted at London $c[By Edward Allde and John Beale] for Ios: Hunt and are to be sold by Iohn Wright$d1613 215 $a[24] p 300 $aPrinters' names from STC. "Beale pr[inted]. only quire B". 300 $aWith a title-page woodcut. 300 $aSignatures: A² B-C? D² . 300 $aRunning title reads: The great tempest. 300 $a"These things heereafter following were related to me by certaine saylers and countrey people, since the first were printed ..", D1-2. 300 $aReproduction of the original in the British Library. 330 $aeebo-0018 606 $aStorms$zEngland$vEarly works to 1800 606 $aStorms$vEarly works to 1800 615 0$aStorms 615 0$aStorms 801 0$bCu-RivES 801 1$bCu-RivES 801 2$bCStRLIN 801 2$bWaOLN 906 $aBOOK 912 $a996391439003316 996 $aThe last terrible tempestious windes and weather$92345768 997 $aUNISA LEADER 01207nam 2200397 450 001 9910586689903321 005 20221020100330.0 010 $a1-83968-484-4 035 $a(CKB)4950000000721625 035 $a(NjHacI)994950000000721625 035 $a(EXLCZ)994950000000721625 100 $a20221020d2021 uy 0 101 0 $aeng 135 $aur||||||||||| 181 $ctxt$2rdacontent 182 $cc$2rdamedia 183 $acr$2rdacarrier 200 00$aCurrent Topics and Emerging Issues in Malaria Elimination /$fedited by Alfonso J. Rodriguez-Morales 210 1$aLondon :$cIntechOpen,$d2021. 210 4$d©2021 215 $a1 online resource (334 pages) $cillustrations 225 0 $aInfectious diseases ;$vVolume 8 311 $a1-83968-483-6 320 $aIncludes bibliographical references. 606 $aMalaria 606 $aMalaria$xPrevention 615 0$aMalaria. 615 0$aMalaria$xPrevention. 676 $a616.9362 702 $aRodriguez-Morales$b Alfonso J. 801 0$bNjHacI 801 1$bNjHacl 906 $aBOOK 912 $a9910586689903321 996 $aCurrent Topics and Emerging Issues in Malaria Elimination$92826462 997 $aUNINA